Регионална библиотека "Любен Каравелов" - Русе

Резанието на лозата по способа на Деземери (Запис номер 354635)

MARC детайли
000 -Лидер
Контролно поле с фиксирана дължина 00999nam a2200289 a 4500
003 - Код на организацията, давaща контролен номер
Контролно поле BLK
005 - Дата и час на последна редакция
Контролно поле 20250123101943.0
008 - Елементи от данни с фиксирана дължина
fixed length control field 200415b bu ||||| |||| 00| 0 bu d
040 ## - Източник на каталожния запис
Идентификатор на билиотеката - собственик на записа BLK
041 ## - Код за език
Код за езика на текст/звукозапис или на отделно заглавие Български
Код за езика КДБФ Български
080 ## - УДК
Текстов определител УДК Лозарство. Лози
УДК код - определител по УДК 634.8
УДК - код + определител 634.8
100 ## - Редна дума - Автор
Автор Деземери, Райнхолд
Авторска отговорност първи автор
R(LIN) 1299
139 ## - Редно поле
Редна дума Деземери, Райнхолд
Авторски знак Дед - Д 33
245 ## - Сведения за заглавието
Заглавие Резанието на лозата по способа на Деземери
Редно поле (дума) Райнхолд Деземери
257 ## - Страна на издаване
Страна на създаване/издаване България
260 ## - Област на издателските данни
9 (RLIN) 217074
Място на издаване, разпространение и проч. Русе
Година на издаване 1895
Печатница печ. Спиро Гулабчев
300 ## - Физическа характеристика
Страници 22 с.
Илюстрации и др. 4 л. : ил.
Размери/Мащаб 25 см
380 ## - Жанр
Жанр Селско стопанство
650 #7 - Допълнително описание по предмет – тема
9 (RLIN) 160787
Основно описание – тема или топоним Лозарство
653 #7 - Ключова дума – ненормативна
9 (RLIN) 190077
Ключова дума лозарство
653 #7 - Ключова дума – ненормативна
9 (RLIN) 190079
Ключова дума лози
700 ## - Други автори (авторска отговорност)
9 (RLIN) 966
Лично име Стоянов, Бл.
Автороска отговорност (Описва отношението между автора и произведението) прев.
852 ## - Местоположение
Форматна сигнатура К 63/Д 33
999 ## - СИСТЕМНИ КОНТРОЛНИ НОМЕРА
Koha biblionumber 354635
Koha biblioitemnumber 354635
942 ## - АРТИКУЛИ
Вид на библиотечния материал Книги
Скрит в OPAC Не
Периодичен библиозапис Да
Koha issues (borrowed), all copies 1
944 ## - СЪЗДАВАНЕ И РЕДАКЦИЯ на ЗАПИСА
Дата на регистрацията/редакция 2020-04-15
Служител, извършил регистрацията/редакцията 30558
Статус, дата на статуса Валя Йорданова
999 ## - СИСТЕМНИ КОНТРОЛНИ НОМЕРА
Koha biblioitemnumber 354635
Наличности
Код за отписване Код за изгубен артикул Източник на класификационната схема Код за повреда Коз за рестрикции Код за отдаване Артикулен № Име на библиотеката - собственик Име на библиотеката, в която се намира в момента Статус (Текущо местоположение) Дата на вписване в системата Местоположение - отдел Цена в лева Инвентарен номер Систематично азбучна сигнатура Баркод Цена в евро Служебен тип на артикула
  Не е изгубен Universal Decimal Classification Не е повреден само за читалня ползва се в читалня 762511 Регионална библиотека "Любен Каравелов" Русе Регионална библиотека "Любен Каравелов" Русе Краезнание 2020-04-17 Краезнание 0.04 18121/61 К 63/Д 33 900000003812 0.02 Книги
Vip Innovations Ltd, Rousse, Bulgaria 2025